| 000 | 00510nam a2200169Ia 4500 | ||
|---|---|---|---|
| 999 |
_c8661 _d8661 |
||
| 003 | OSt | ||
| 005 | 20201006124131.0 | ||
| 008 | 190216s9999||||xx |||||||||||||| ||und|| | ||
| 040 | _coclc | ||
| 082 |
_a004 _bJAI/C |
||
| 100 |
_aJain, Satish _95356 |
||
| 245 | 0 |
_aComputer Fundamentals And C++ Programming / _cSatish Jain |
|
| 260 |
_bBpb Publications, _c1997 _aNew Delhi: |
||
| 300 | _a184p | ||
| 650 | _a"Computer Programming. Programs, Data" | ||
| 942 |
_cBK _2ddc _h004 _iJAI/C _k004 _mJAI/C |
||